000 00435cam a2200181ua 4500
020 _c21.75
041 _aeng
_h
082 _a574
_bWEI/EL
100 _aWeisz, Paul B .
245 _aElements of biology /
_cPaul B Weisz.
_hTextual Documents
250 _a1 /
_b.
260 _aNew York :
_bMcGraw Hill Book Company ,
_c1961.
300 _a491 ; .
365 _a21.75
504 _a
942 _cBK
999 _c9616
_d9616